April Fools' Quiz #1 - Statistics

General Stats
  • This quiz has been taken 59,851 times
    33,962 since last reset
  • The average score is 12 of 20
Answer Stats
Question Answer % Correct
What body part does the average person only use 10% of? Brain
93%
What vegetable is known to improve eyesight due to its high Vitamin A content? Carrots
81%
Whose birth is known as the "immaculate conception"? Jesus's
77%
What is another term for schizophrenia? Multiple {Personality} Disorder
74%
What famous conqueror was far shorter than the average soldier of his time? Napoleon
74%
And what religion does he practice? Islam
73%
What is the only man-made object visible from space? Great Wall of China
71%
What is the largest country in Central America? Mexico
70%
What will stay in your digestive tract for at least seven years if you accidentally swallow it? Chewing Gum
68%
What is the capital of Turkey? Istanbul
68%
What kitchen device causes pacemakers to malfunction? Microwave
65%
What type of animal can give you warts if you touch it? Toad
63%
In what country was President Obama born? Kenya
61%
What is the closest living relative of the Giant Panda? {Red} Panda
58%
What precocious composer wrote "Twinkle Twinkle Little Star" at the tender age of 5? Wolfgang Amadeus Mozart
58%
What type of animal commits mass suicide by jumping off a cliff? Lemmings
47%
Who said "I am a jelly donut" during a speech in Berlin? John F. Kennedy
44%
Who said "The death of one man is a tragedy. The death of millions is a statistic"? Joseph Stalin
33%
What common beverage is "basic", the opposite of acidic? Milk
32%
What type of animal doesn't get cancer? Sharks
15%
No matching quizzes found
Score Distribution
Percent of People with Each Score
Percentile by Number Answered
Your Score History
You have not taken this quiz since the last reset